On Belonging: (Record no. 10453)
[ view plain ]
| 000 -LEADER | |
|---|---|
| fixed length control field | 00459cam a2200169 4500 |
| 001 - CONTROL NUMBER | |
| control field | 6338 |
| 005 - DATE AND TIME OF LATEST TRANSACTION | |
| control field | 20250811140453.0 |
| 008 - FIXED-LENGTH DATA ELEMENTS--GENERAL INFORMATION | |
| fixed length control field | 250729b |||||||| |||| 00| 0 eng d |
| 010 ## - LIBRARY OF CONGRESS CONTROL NUMBER | |
| LC control number | 2015046480 |
| 020 ## - INTERNATIONAL STANDARD BOOK NUMBER | |
| International Standard Book Number | 9781419753039 |
| 022 ## - INTERNATIONAL STANDARD SERIAL NUMBER | |
| International Standard Serial Number | 9781419753039 |
| 100 1# - MAIN ENTRY--PERSONAL NAME | |
| Personal name | Samuel,Kim |
| 245 14 - TITLE STATEMENT | |
| Title | On Belonging: |
| Remainder of title | finding connection in an age of isolation |
| 264 #1 - PRODUCTION, PUBLICATION, DISTRIBUTION, MANUFACTURE, AND COPYRIGHT NOTICE | |
| Place of production, publication, distribution, manufacture | United State. |
| Name of producer, publisher, distributor, manufacturer | Abrams Press |
| Date of production, publication, distribution, manufacture, or copyright notice | 2022. |
| 300 ## - PHYSICAL DESCRIPTION | |
| Extent | vii, 281 pages ; |
| Dimensions | 24 cm. |
| 942 ## - ADDED ENTRY ELEMENTS (KOHA) | |
| Source of classification or shelving scheme | Dewey Decimal Classification |
| Koha item type | Main |
| Withdrawn status | Lost status | Source of classification or shelving scheme | Damaged status | Not for loan | Collection code | Home library | Current library | Shelving location | Date acquired | Inventory number | Total Checkouts | Full call number | Barcode | Date last seen | Date last checked out | Copy number | Price effective from | Koha item type | Public note | Total Renewals |
|---|---|---|---|---|---|---|---|---|---|---|---|---|---|---|---|---|---|---|---|---|
| Dewey Decimal Classification | Main TEST | RTC Library | RTC Library | Main opac | 29/07/2025 | 19546 | 1 | 302.2 SAM | 30020764 | 06/08/2025 | 30/07/2025 | c1 | 29/07/2025 | Main | Donated by Kim Samuel | |||||
| Dewey Decimal Classification | RTC Library | RTC Library | Main opac | 29/07/2025 | 19547 | 1 | 302.3 SAM | 30020765 | 24/09/2025 | 01/08/2025 | c2 | 29/07/2025 | Main | Donated by Kim Samuel | 1 | |||||
| Dewey Decimal Classification | Main TEST | RTC Library | RTC Library | Main opac | 29/07/2025 | 19548 | 302.3 SAM | 30020766 | 29/07/2025 | c3 | 29/07/2025 | Main | Donated by Kim Samuel | |||||||
| Dewey Decimal Classification | Main TEST | RTC Library | RTC Library | Main opac | 29/07/2025 | 19549 | 302.3 SAM | 30020767 | 29/07/2025 | c4 | 29/07/2025 | Main | Donated by Kim Samuel | |||||||
| Dewey Decimal Classification | Main TEST | RTC Library | RTC Library | Main opac | 29/07/2025 | 19550 | 1 | 302.3 SAM | 30020768 | 29/08/2025 | 01/08/2025 | c5 | 29/07/2025 | Main | Donated by Kim Samuel | 1 |